| 000 | 00892cam a2200277 i 4500 | ||
|---|---|---|---|
| 999 |
_c234080 _d234080 |
||
| 001 | 1762281 | ||
| 003 | Nust | ||
| 005 | 20170313125938.0 | ||
| 008 | 760723s1977 nyu 001 0aeng | ||
| 010 | _a 76027329 | ||
| 020 | _a9798129107786 | ||
| 040 |
_aDLC _cDLC _dDLC |
||
| 041 | 1 | _aengspa | |
| 050 | 0 | 0 |
_aPQ8097.N4 _bZ52313 |
| 082 | 0 | 0 |
_a861 _bNER |
| 100 | 1 |
_aNeruda, Pablo, _d1904-1973. |
|
| 240 | 1 | 0 |
_aConfieso que he vivido. _lEnglish |
| 245 | 0 | 0 |
_aMemoirs / _cPablo Neruda ; translated from the Spanish by Hardie St. Martin. |
| 250 | _a1st ed. | ||
| 260 |
_aNew York : _bFarrar, Straus and Giroux, _c1977. |
||
| 300 |
_a370 p. ; _c24 cm. |
||
| 500 | _aIncludes index. | ||
| 600 | 1 | 0 |
_aNeruda, Pablo, _d1904-1973. |
| 650 | 0 |
_aPoets, Chilean _y20th century _xBiography. |
|
| 906 |
_a7 _bcbc _corignew _d1 _eocip _f19 _gy-gencatlg |
||
| 942 |
_2ddc _cBK |
||